| 000 | 00911nam a2200313 a 4500 | ||
|---|---|---|---|
| 003 | AR-BaBNM | ||
| 005 | 20251128205202.0 | ||
| 008 | 082120s2002 ||||||||||||||000 | spa|| | ||
| 020 | _a968-16-3112-9 | ||
| 040 | _cAR-BaBNM | ||
| 100 | 1 | _aSitton, Thad | |
| 245 | 0 | 0 |
_aHistoria oral _buna guía para profesores y otras personas |
| 250 | _a1ª ed. | ||
| 260 |
_aMéxico, D.F. _bFondo de Cultura Económica _c1993 |
||
| 300 | _a179 p. | ||
| 500 | _aContiene apéndice documental | ||
| 504 | _aBibliografía consultada p.173-176 | ||
| 650 | 4 | _aHISTORIA ORAL | |
| 650 | 4 | _aMETODO HISTORICO | |
| 650 | 4 | _aMETODOS DE INVESTIGACION | |
| 650 | 4 | _aTECNICAS DE INVESTIGACION | |
| 650 | 4 | _aMETODOS DE ENSEÑANZA | |
| 650 | 4 | _aMETODOS DE APRENDIZAJE | |
| 700 | 1 | _aMehaffy, George L. | |
| 700 | 1 | _aDavis, O.L. | |
| 700 | 1 |
_aReyes Mazzoni, Roberto Ramón _etraductor |
|
| 942 | _cBK | ||
| 998 | _cMariana | ||
| 999 |
_c10351 _d10351 |
||